00714cam a22002171 4500001001300000003000400013005001700017008004100034010001700075035002000092040006000112042001200172050002300184082001000207100003200217245007300249260004900322300001800371410007200389650003500461ss 49000002 DLC20260227112751.0890630s1948 dcu f000 0 eng c ass 49000002  a(OCoLC)19955562 aU.S. Social Security Administration. LibrarycMiDWdDLC apremarc00aHV85b.A375 no. 15 a361.61 aEpler, Elizabeth G.,d1912-10aSources of revenue for the state share of public assistance 1939-47. a[Washington,bU.S. Govt. Print. Off.,c1948] a24 p.c23 cm.10aU.S. Bureau of Public Assistance.tPublic Assistance reportvno. 15 0aPublic welfarezUnited States.